Development Planning: (Record no. 4803)
[ view plain ]
| 000 -LEADER | |
|---|---|
| fixed length control field | 00626nac a22001571u 4500 |
| 082 ## - DEWEY DECIMAL CLASSIFICATION NUMBER | |
| Item number | 338.9 |
| Classification number | B7496 |
| 090 ## - LOCALLY ASSIGNED LC-TYPE CALL NUMBER (OCLC); LOCAL CALL NUMBER (OCLC) | |
| -- | 4803 |
| -- | 4803 |
| 100 ## - MAIN ENTRY--PERSONAL NAME | |
| Personal name | Botros, Salib. |
| 245 ## - TITLE STATEMENT | |
| Title | Development Planning: |
| Remainder of title | With Special Reference To Egypt 1950-1970 / |
| Statement of responsibility, etc | Salib Botros ;Foreword By Henry Simonet. |
| 260 ## - PUBLICATION, DISTRIBUTION, ETC. (IMPRINT) | |
| Place of publication, distribution, etc | [Cairo]: |
| Name of publisher, distributor, etc | General Egyptian Book Organization,c.1977. |
| Date of publication, distribution, etc | c.1977. |
| 300 ## - PHYSICAL DESCRIPTION | |
| Extent | 362p; |
| Dimensions | 19cm. |
| 650 ## - SUBJECT ADDED ENTRY--TOPICAL TERM | |
| Topical term or geographic name as entry element | Development Planning. |
| 700 ## - ADDED ENTRY--PERSONAL NAME | |
| Personal name | Simonet, Henri. |
| 942 ## - ADDED ENTRY ELEMENTS (KOHA) | |
| Item type | Book - Borrowing |
| Call number prefix | 338.9B7496 |
| Withdrawn status | Item status | Damaged status | Not for loan | Home library | Current library | Shelving location | Date acquired | Source of acquisition | Total Checkouts | Full call number | Barcode | Date last seen | Koha item type |
|---|---|---|---|---|---|---|---|---|---|---|---|---|---|
| Central Library | Central Library | First floor | 19/09/2007 | Purchase | 338.9 BOT | 000005794 | 15/07/2025 | Book - Borrowing |